| 000 | 00459nam a2200169Ia 4500 | ||
|---|---|---|---|
| 003 | GCL | ||
| 008 | 140319s9999 xx 000 0 eng d | ||
| 040 |
_aGCL / _cGCL |
||
| 082 | 0 | 4 |
_a895.6 _bRA |
| 100 | 1 | _aRIMER,J THOMAS | |
| 245 | 1 | 0 |
_aA READER'S GUIDE TO JAPANESE LITERATURE / _cRIMER,J THOMAS |
| 260 |
_a[S.N] : _bKODANSHA INTERNATIONAL ، _c1993 |
||
| 300 | _a212 P | ||
| 650 | 0 | 4 | _aJAPAN - LITERATURE |
| 650 | 0 | 4 | _aLITERATURE - JAPAN |
| 942 |
_2ddc _cBK |
||
| 999 |
_c19606 _d19606 |
||